000 00601cam a22002171 4500
001 ca 36001373
003 DLC
005 20260227111143.0
008 890602s1932 mau 000 0 eng
010 _aca 36001373
035 _a(OCoLC)19802845
040 _aDLC
_cRPB
_dRPB
_dDLC
042 _apremarc
050 0 0 _aPN4305.M6
_bS828
082 _a815.5
100 1 _aStrack, Lilian Holmes,
_d1886-
245 1 0 _aNails,
_ba contest selection,
_cby Lilian Holmes Strack.
260 _aBoston,
_bWalter H. Baker Company
_c[c1932]
300 _a8 p.
_c20 cm.
490 0 _aBakers̕ manuscript readings
999 _c18264
_d18264